Zusammengefügte Länderumrisse #2 - Statistiken

Allgemein
  • Dieses Quiz wurde 19.384 mal gespielt
  • Das Durchschnittsergebnis liegt bei 21 aus 32
Antwortstatistiken
Land % Korrekt
Italien
100%
Frankreich
98%
Griechenland
92%
Türkei
89%
Albanien
83%
China
82%
Marokko
81%
Algerien
80%
Argentinien
80%
Thailand
80%
Bulgarien
79%
Mongolei
76%
Uruguay
75%
Israel
74%
Malaysia
74%
Libanon
68%
Mali
67%
Senegal
60%
Tschad
60%
Peru
59%
Irak
58%
Nigeria
58%
Saudi-Arabien
58%
Ecuador
55%
Jordanien
55%
Vereinigte Arabische Emirate
53%
Estland
39%
Lettland
39%
Eritrea
38%
Dschibuti
36%
Guatemala
28%
Honduras
28%
Keine übereinstimmenden Quizze gefunden
Verteilung der Resultate
Anzahl Personen mit jedem Resultat
Perzentil nach korrekt beantworteten Fragen
Ihre Resultats-Entwicklung
Sie haben dieses Quiz noch nicht gespielt